Dohody o prácach vykonávaných mimo pracovného pomeru od 1. júla 2014

Zákonník práce umožňuje zamestnávateľom na plnenie svojich úloh uzatvárať s fyzickými osobami nielen pracovné zmluvy, ale aj dohody o prácach vykonávaných mimo pracovného pomeru. Povinnosti zamestnancov a zamestnávateľov, ktoré vyplývajú z uzatvorených dohôd. Dohoda o vykonaní práce - paragraf 226 Z...

ver descrição completa

Na minha lista:
Detalhes bibliográficos
Autor principal: Gášpárová, Eva
Formato: Capítulo de Livro
Idioma:eslovaco
Assuntos:
Tags: Adicionar Tag
Sem tags, seja o primeiro a adicionar uma tag!

MARC

LEADER 00000naa a2200000 4500
001 0192054
005 20231109104610.6
041 0 |a slo 
044 |a SK 
245 1 0 |a Dohody o prácach vykonávaných mimo pracovného pomeru od 1. júla 2014  |c Eva Gášpárová 
520 |a Zákonník práce umožňuje zamestnávateľom na plnenie svojich úloh uzatvárať s fyzickými osobami nielen pracovné zmluvy, ale aj dohody o prácach vykonávaných mimo pracovného pomeru. Povinnosti zamestnancov a zamestnávateľov, ktoré vyplývajú z uzatvorených dohôd. Dohoda o vykonaní práce - paragraf 226 Zákonníka práce. Dohoda o brigádnickej práci študentov - paragraf 227 a 228 Zákonníka práce. Dohoda o pracovnej činnosti - paragraf 228a Zákonníka práce. 
610 2 0 |a zákonník práce 
610 2 0 |a dohody pracovné 
610 2 0 |a dohody o vykonaní práce 
610 2 0 |a dohody o činnosti pracovnej 
610 2 0 |a zamestnanci 
610 2 0 |a zamestnávatelia 
610 2 0 |a študenti 
100 1 |a Gášpárová, Eva